| 000 | 01137cam a2200349Ma 4500 | ||
|---|---|---|---|
| 001 | 10123295 | ||
| 005 | 20170105102850.0 | ||
| 008 | 120810s2012 stkab b 001 0 eng d | ||
| 020 | _a9780748633357 (hbk.) | ||
| 020 | _a0748633359 (hbk.) | ||
| 024 | _a99951653182 | ||
| 035 | _a(OCoLC)ocn808800700 | ||
| 035 | _a(OCoLC)808800700 | ||
| 035 | _a(NNC)10123295 | ||
| 040 |
_aNLE _cNLE _dOCLCO _dFXR _dNhCcYBP |
||
| 043 | _ae-uk-st | ||
| 050 | 4 |
_aDA767 _b.M55 2012 |
|
| 082 | 0 | 4 |
_a355.009411 _223 |
| 245 | 0 | 2 |
_aA military history of Scotland / _cedited by Edward M. Spiers, Jeremy A. Crang and Matthew J. Strickland. |
| 260 |
_aEdinburgh : _bEdinburgh University Press, _cc2012. |
||
| 300 |
_axxii, 890 p., [16] p. of plates : _bill. (some col.), maps ; _c25 cm. |
||
| 504 | _aIncludes bibliographical references and index. | ||
| 650 | 0 |
_aSoldiers _zScotland. |
|
| 650 | 0 |
_aScots _zForeign countries. |
|
| 651 | 0 |
_aScotland _xHistory, Military. |
|
| 700 | 1 | _aSpiers, Edward M. | |
| 700 | 1 | _aCrang, Jeremy A. | |
| 700 | 1 |
_aStrickland, Matthew, _d1962- |
|
| 942 |
_2ddc _cBK |
||
| 948 | 1 |
_a20130130 _bc _chew2 _dMPS |
|
| 999 |
_c14233 _d14233 |
||